Abangku seekor kijang

Bibliographic Details
Format: Book
Published: Selangor : Penerbit Mega Setia Emas , 2005
Series:Siri mitos nusantara
Subjects:

MARC

LEADER 00000cam a2200000 7i4500
001 0000001396
005 20151222.0
008 070705
020 |a 9831434072 
020 |a 983143417X(set) 
090 0 0 |a JF   |b FT MAL (1078) 
245 0 0 |a Abangku seekor kijang   |c Diselenggarakan oleh Sulaiman Zakaria 
260 |a Selangor :   |b Penerbit Mega Setia Emas ,   |c 2005 
440 |a Siri mitos nusantara 
500 |a Children ages 7-9 years old (orange) 
650 0 |a Fantasy fiction, Malay 
999 |a 0000007191   |b Book   |c Children Collection   |e Cawangan Taman Universiti 
999 |a 0000007192   |b Book   |c Children Collection   |e Cawangan Taman Universiti 
999 |a 0000007193   |b Book   |c Children Collection   |e Cawangan Taman Universiti 
999 |a 0000007194   |b Book   |c Children Collection   |e Cawangan Taman Universiti 
999 |a 0000958039   |b Book   |c Children Collection   |e Perbadanan Perpustakaan Awam Johor 
999 |a 0000958040   |b Book   |c Children Collection   |e Perbadanan Perpustakaan Awam Johor 
999 |a 0000958041   |b Book   |c Children Collection   |e Perbadanan Perpustakaan Awam Johor 
999 |a 0000958042   |b Book   |c Children Collection   |e Cawangan Mersing 
999 |a 0000958043   |b Book   |c Children Collection   |e Perbadanan Perpustakaan Awam Johor